000 01009nam a2200253Ia 4500
003 OSt
005 20221005103650.0
006 a|||||r|||| 00| 0
007 ta
008 221004b |||||||| |||| 00| 0 hin d
020 _a8186565167 (hbk)
_c250
024 _a97301
037 _b451, 25/03/2009, Swaraj Prakashan
_cTextual
040 _aCRL
_cCRL
_bhin
041 _2hin
_ahin
082 _aO15,1A2:g(Q:31), 152N6
100 _aशर्मा, पंकज
245 0 _aमहाभारत एंव इलियड में देवता और मानव
246 _aMahābhārat eanva iliyaḍ mean devatā aur mānava
260 _aदिल्ली
_bअनामिका पब्लिशर्स एंड डिस्ट्रीब्यूटर्स भारत
_c1996
300 _a198पृ0
_ccm.
942 _hO15,1A2:g(Q:31), 152N6
_cTEXL
_2cc
999 _c1010555
_d1010555